Vista normal Vista MARC

Entrada Topical Term

Número de registros utilizados en: 4

001 - CONTROL NUMBER

  • control field: 58429

003 - CONTROL NUMBER IDENTIFIER

  • control field: OSt

005 - DATE AND TIME OF LATEST TRANSACTION

  • control field: 20250217104806.0

008 - FIXED-LENGTH DATA ELEMENTS

  • fixed length control field: 250217|| aca||aabn | a|a d

040 ## - CATALOGING SOURCE

  • Original cataloging agency: OSt
  • Transcribing agency: OSt

150 ## - HEADING--TOPICAL TERM

  • Topical term or geographic name entry element: Ceguera en la literatura

670 ## - SOURCE DATA FOUND

  • Source citation: Work cat.: (OSt)56911: Camanho, Alexandre 1972- autor 58426, Los tres ratones de chantilly/









Instituto Departamental de Cultura del Meta - Red Departamental de Bibliotecas Públicas del Meta.